Logo's Quiz - Statistics

General Stats
  • This quiz has been taken 28 times
  • The average score is 8 of 12
Answer Stats
Picture Answer % Correct
Amazon
96%
Netflix
96%
Walmart
96%
android
92%
IBM
92%
Roblox
83%
Fortnite
67%
Airbnb
63%
Johnson & Johnson
50%
Oracle
8%
pixabay
8%
ToadiwiBooks
8%
No matching quizzes found
Score Distribution
Percent of People with Each Score
Percentile by Number Answered
Your Score History
You have not taken this quiz